MARC details
| 000 -CABECERA |
| campo de control de longitud fija |
03759nas a22007217a 4500 |
| 003 - IDENTIFICADOR DEL NÚMERO DE CONTROL |
| campo de control |
CHAP |
| 005 - FECHA Y HORA DE LA ÚLTIMA TRANSACCIÓN |
| campo de control |
20220329143425.0 |
| 008 - DATOS DE LONGITUD FIJA--INFORMACIÓN GENERAL |
| campo de control de longitud fija |
001017c20070000xxk r pernn 0 b1Eng d |
| 010 ## - NÚMERO DE CONTROL DE LA BIBLIOTECA DEL CONGRESO |
| Número de control de LC |
96380 |
| 011 ## - ENLACE DEL NUMERO DE CONTROL DE LA BIBLIOTECA DEL CONGRESO [OBSOLETO] |
| Número de control de LC |
97352 |
| 022 ## - NÚMERO INTERNACIONAL NORMALIZADO PARA PUBLICACIONES SERIADAS |
| Número Internacional Normalizado para Publicaciones Seriadas |
1751-7311 |
| 022 0# - NÚMERO INTERNACIONAL NORMALIZADO PARA PUBLICACIONES SERIADAS |
| Número Internacional Normalizado para Publicaciones Seriadas |
1751-732X (versión electrónica) |
| 022 0# - NÚMERO INTERNACIONAL NORMALIZADO PARA PUBLICACIONES SERIADAS |
| Número Internacional Normalizado para Publicaciones Seriadas |
2040-4700 (Proceedings) |
| 035 ## - NÚMERO DE CONTROL DEL SISTEMA |
| Número de control de sistema |
108018 |
| 040 ## - FUENTE DE LA CATALOGACIÓN |
| Centro/agencia transcriptor |
CHAP |
| 041 0# - CÓDIGO DE LENGUA |
| Código de lengua del texto/banda sonora o título independiente |
ENG |
| 245 00 - MENCIÓN DE TÍTULO |
| Título |
Animal |
| 246 3# - FORMA VARIANTE DE TÍTULO |
| Título propio/Titulo breve |
Proceedings of the British Society of Animal Science |
| 260 ## - PUBLICACIÓN, DISTRIBUCIÓN, ETC. |
| Lugar de publicación, distribución, etc. |
Cambridge: |
| Nombre del editor, distribuidor, etc. |
University Press |
| Fecha de publicación, distribución, etc. |
2007- |
| 300 ## - DESCRIPCIÓN FÍSICA |
| Extensión |
v. |
| 310 ## - PERIODICIDAD ACTUAL |
| Periodicidad actual |
Mensual |
| 362 0# - FECHAS DE PUBLICACIÓN Y/O DESIGNACIÓN SECUENCIAL |
| Fecha de publicación y/o designación secuencial |
v.1 n.1, 2007 |
| 530 ## - NOTA DE FORMATO FÍSICO ADICIONAL DISPONIBLE |
| Nota de formato físico adicional disponible |
También disponible en línea |
| 590 ## - NOTA LOCAL (RLIN) |
| Nota local |
BATCH-UPD |
| Procedencia (VM) [OBSOLETO] |
10 |
| Condición del los carretes individuales (VM) [OBSOLETO] |
20130110 |
| -- |
UCH01 |
| -- |
0452 |
| 590 ## - NOTA LOCAL (RLIN) |
| Nota local |
BATCH-UPD |
| Procedencia (VM) [OBSOLETO] |
10 |
| Condición del los carretes individuales (VM) [OBSOLETO] |
20130410 |
| -- |
UCH01 |
| -- |
0130 |
| 590 ## - NOTA LOCAL (RLIN) |
| Nota local |
BATCH-UPD |
| Procedencia (VM) [OBSOLETO] |
10 |
| Condición del los carretes individuales (VM) [OBSOLETO] |
20130914 |
| -- |
UCH01 |
| -- |
0635 |
| 590 ## - NOTA LOCAL (RLIN) |
| Nota local |
CONVERSION |
| Procedencia (VM) [OBSOLETO] |
10 |
| Condición del los carretes individuales (VM) [OBSOLETO] |
20130109 |
| -- |
UCH01 |
| -- |
1353 |
| 650 14 - PUNTO DE ACCESO ADICIONAL DE MATERIA--TÉRMINO DE MATERIA |
| Término de materia o nombre geográfico como elemento de entrada |
Biología |
| Subdivisión general |
Publicaciones periódicas. |
| 9 (RLIN) |
12799 |
| 650 14 - PUNTO DE ACCESO ADICIONAL DE MATERIA--TÉRMINO DE MATERIA |
| Término de materia o nombre geográfico como elemento de entrada |
Ganado |
| Subdivisión general |
Mejoramiento |
| -- |
Publicaciones periódicas. |
| 9 (RLIN) |
44927 |
| 770 1# - ENLACE A UN SUPLEMENTO/NÚMERO ESPECIAL |
| Encabezamiento principal |
Proceedings of the British Society of Animal Science |
| Número Internacional Normalizado para Publicaciones Seriadas |
2040-4700 |
| Número Internacional Estándar del Libro |
978-0-906562-67-3 |
| 780 10 - ENLACE A UN TÍTULO/ENTRADA ANTERIOR |
| Título |
Animal science |
| Número Internacional Normalizado para Publicaciones Seriadas |
1357-7298 |
| 852 #2 - LOCALIZACIÓN |
| -- |
ISSUE |
| Anterior ubicación en estantería |
2012-12-17 |
| -- |
03 |
| 852 #2 - LOCALIZACIÓN |
| -- |
ISSUE |
| Anterior ubicación en estantería |
2012-12-17 |
| -- |
03 |
| 852 #2 - LOCALIZACIÓN |
| -- |
ISSUE |
| Anterior ubicación en estantería |
2012-12-17 |
| -- |
03 |
| 852 #2 - LOCALIZACIÓN |
| -- |
ISSUE |
| Anterior ubicación en estantería |
2012-12-17 |
| -- |
03 |
| 852 #2 - LOCALIZACIÓN |
| -- |
ISSUE |
| Anterior ubicación en estantería |
2012-12-17 |
| -- |
03 |
| 852 #2 - LOCALIZACIÓN |
| -- |
ISSUE |
| Anterior ubicación en estantería |
2012-12-17 |
| -- |
03 |
| 852 #2 - LOCALIZACIÓN |
| -- |
ISSUE |
| Anterior ubicación en estantería |
2012-12-17 |
| -- |
03 |
| 852 #2 - LOCALIZACIÓN |
| -- |
ISSUE |
| Anterior ubicación en estantería |
2012-12-17 |
| -- |
03 |
| 852 #2 - LOCALIZACIÓN |
| -- |
ISSUE |
| Anterior ubicación en estantería |
2012-12-17 |
| -- |
03 |
| 852 #2 - LOCALIZACIÓN |
| -- |
ISSUE |
| Anterior ubicación en estantería |
2012-12-17 |
| -- |
03 |
| 852 #2 - LOCALIZACIÓN |
| -- |
ISSUE |
| Anterior ubicación en estantería |
2012-12-17 |
| -- |
03 |
| 852 #2 - LOCALIZACIÓN |
| -- |
ISSUE |
| Anterior ubicación en estantería |
2012-12-17 |
| -- |
03 |
| 852 #2 - LOCALIZACIÓN |
| -- |
ISSUE |
| Anterior ubicación en estantería |
2012-12-17 |
| -- |
03 |
| 856 ## - LOCALIZACIÓN Y ACCESO ELECTRÓNICOS |
| Especificación de materiales |
Finding aid |
| Identificador Uniforme del Recurso |
<a href="http://journals.cambridge.org/action/displayJournal?jid=ANM">http://journals.cambridge.org/action/displayJournal?jid=ANM</a> |
| Nota pública |
Teclea aqui |
| 866 ## - MENCIÓN TEXTUAL DE FONDOS--UNIDAD BIBLIOGRÁFICA BÁSICA |
| Cadena textual |
v. 2 n. 1 (January 2008) - v. 2 n. 12 (December 2008) |
| 866 ## - MENCIÓN TEXTUAL DE FONDOS--UNIDAD BIBLIOGRÁFICA BÁSICA |
| Cadena textual |
v. 3 n. 1 (January 2009) |
| 901 ## - ELEMENTOS DE DATOS A LOCAL LDA (RLIN) |
| a |
SE |
| 942 ## - ELEMENTOS DE PUNTO DE ACCESO ADICIONAL (KOHA) |
| Tipo de ítem Koha |
Publicaciones seriadas |
| 949 ## - PROCESAMIENTO DE INFORMACIÓN LOCAL (OCLC) |
| b |
BC |
| c |
PS |
| d |
203058 |
| e |
PS |
| f |
v. 2 n. 1 ( February 2008) |
| i |
108018 |
| j |
2 |
| s |
n |
| 949 ## - PROCESAMIENTO DE INFORMACIÓN LOCAL (OCLC) |
| b |
BC |
| c |
PS |
| d |
203059 |
| e |
PS |
| f |
v. 2 n. 2 ( March 2008) |
| i |
108018 |
| j |
2 |
| s |
n |
| 949 ## - PROCESAMIENTO DE INFORMACIÓN LOCAL (OCLC) |
| b |
BC |
| c |
PS |
| d |
203060 |
| e |
PS |
| f |
v. 2 n. 3 ( April 2008) |
| i |
108018 |
| j |
2 |
| s |
n |
| 949 ## - PROCESAMIENTO DE INFORMACIÓN LOCAL (OCLC) |
| b |
BC |
| c |
PS |
| d |
203061 |
| e |
PS |
| f |
v. 2 n. 4 ( May 2008) |
| i |
108018 |
| j |
2 |
| s |
n |
| 949 ## - PROCESAMIENTO DE INFORMACIÓN LOCAL (OCLC) |
| b |
BC |
| c |
PS |
| d |
203062 |
| e |
PS |
| f |
v. 2 n. 5 ( June 2008) |
| i |
108018 |
| j |
2 |
| s |
n |
| 949 ## - PROCESAMIENTO DE INFORMACIÓN LOCAL (OCLC) |
| b |
BC |
| c |
PS |
| d |
203063 |
| e |
PS |
| f |
v. 2 n. 6 ( July 2008) |
| i |
108018 |
| j |
2 |
| s |
n |
| 949 ## - PROCESAMIENTO DE INFORMACIÓN LOCAL (OCLC) |
| b |
BC |
| c |
PS |
| d |
203064 |
| e |
PS |
| f |
v. 2 n. 7 ( August 2008) |
| i |
108018 |
| j |
2 |
| s |
n |
| 949 ## - PROCESAMIENTO DE INFORMACIÓN LOCAL (OCLC) |
| b |
BC |
| c |
PS |
| d |
203065 |
| e |
PS |
| f |
v. 2 n. 8 ( September 2008) |
| i |
108018 |
| j |
2 |
| s |
n |
| 949 ## - PROCESAMIENTO DE INFORMACIÓN LOCAL (OCLC) |
| b |
BC |
| c |
PS |
| d |
203066 |
| e |
PS |
| f |
v. 2 n. 9 ( October 2008) |
| i |
108018 |
| j |
2 |
| s |
n |
| 949 ## - PROCESAMIENTO DE INFORMACIÓN LOCAL (OCLC) |
| b |
BC |
| c |
PS |
| d |
203067 |
| e |
PS |
| f |
v. 2 n. 10 ( November 2008) |
| i |
108018 |
| j |
2 |
| s |
n |
| 949 ## - PROCESAMIENTO DE INFORMACIÓN LOCAL (OCLC) |
| b |
BC |
| c |
PS |
| d |
203068 |
| e |
PS |
| f |
v. 2 n. 11 ( December 2008) |
| i |
108018 |
| j |
2 |
| s |
n |
| 949 ## - PROCESAMIENTO DE INFORMACIÓN LOCAL (OCLC) |
| b |
BC |
| c |
PS |
| d |
203069 |
| e |
PS |
| f |
v. 2 n. 12 ( January 2009) |
| i |
108018 |
| j |
2 |
| s |
n |
| 949 ## - PROCESAMIENTO DE INFORMACIÓN LOCAL (OCLC) |
| b |
BC |
| c |
PS |
| d |
215945 |
| e |
PS |
| f |
v. 3 n. 1 ( January 2009) |
| i |
108018 |
| j |
3 |
| s |
n |